Defoliation Period and Storage of Bud Wood in Relation to Success of Veneer Grafting in Mango (Record no. 50113)
[ view plain ]
| 000 -LEADER | |
|---|---|
| fixed length control field | 00444nam a22001577a 4500 |
| 003 - CONTROL NUMBER IDENTIFIER | |
| control field | OSt |
| 008 - FIXED-LENGTH DATA ELEMENTS--GENERAL INFORMATION | |
| fixed length control field | 260423b |||||||| |||| 00| 0 eng d |
| 082 ## - DEWEY DECIMAL CLASSIFICATION NUMBER | |
| Classification number | 634.655 |
| Item number | D11D |
| 100 ## - MAIN ENTRY--PERSONAL NAME | |
| Personal name | Dhakal, Buddhi Raj |
| 245 ## - TITLE STATEMENT | |
| Title | Defoliation Period and Storage of Bud Wood in Relation to Success of Veneer Grafting in Mango |
| 260 ## - PUBLICATION, DISTRIBUTION, ETC. (IMPRINT) | |
| Place of publication, distribution, etc | BAU, Sabour |
| Name of publisher, distributor, etc | RAU, Pusa |
| Date of publication, distribution, etc | 1986 |
| 300 ## - PHYSICAL DESCRIPTION | |
| Extent | 59P. |
| 502 ## - DISSERTATION NOTE | |
| Degree type | Msc. |
| Year degree granted | 1986 |
| 650 ## - SUBJECT ADDED ENTRY--TOPICAL TERM | |
| Topical term or geographic name as entry element | Horticulture |
| 942 ## - ADDED ENTRY ELEMENTS (KOHA) | |
| Source of classification or shelving scheme | |
| Koha item type | Thesis |
| Withdrawn status | Lost status | Source of classification or shelving scheme | Damaged status | Not for loan | Home library | Current library | Date acquired | Total Checkouts | Full call number | Barcode | Date last seen | Bill Date | Koha item type |
|---|---|---|---|---|---|---|---|---|---|---|---|---|---|
| Dr. Rajendra Prasad Central Agricultural University Pusa, | Dr. Rajendra Prasad Central Agricultural University Pusa, | 23/04/2026 | 634.655 D11D | 38103 | 23/04/2026 | 23/04/2026 | Thesis |